Rural non-farm sector in Andhra Pradesh - trends and directions for the future (Record no. 44029)

000 -LEADER
fixed length control field 01530pab a2200169 454500
008 - FIXED-LENGTH DATA ELEMENTS--GENERAL INFORMATION
fixed length control field 180718b1999 xxu||||| |||| 00| 0 eng d
100 ## - MAIN ENTRY--PERSONAL NAME
Personal name Nagaiya, D.
245 ## - TITLE STATEMENT
Title Rural non-farm sector in Andhra Pradesh - trends and directions for the future
260 ## - PUBLICATION, DISTRIBUTION, ETC.
Date of publication, distribution, etc. 1999
300 ## - PHYSICAL DESCRIPTION
Extent p.83-97
362 ## - DATES OF PUBLICATION AND/OR SEQUENTIAL DESIGNATION
Dates of publication and/or sequential designation Mar
520 ## - SUMMARY, ETC.
Summary, etc. Rural Non-Farm Sector (RNFS) comprises a number of activities, other than agriculture. These are manufacturing, mining and quarrying, construction, trade and commerce, transport, and other services. Individually, these are important in themselves as well as in relation to each other, though manufacturing and processing is regarded as the centrepiece. The paper, in the first part, analyses the trends in RNFS employment in terms of its components for all-India and Andhra Pradesh for 1981 and 1991 based on the census data. Position of various states in RNFS employment in total rural main workers is also indicated along with the decennial change. Specific activities are grouped based on 1981 data as high share, high growth and emergent sub-sectors. The paper also reviews disbursement of NABARD refinance for NFS for all-India and Andhra Pradesh, and presents the state-wise picture for a five-year period upto 1995-96. In the second part of the paper, directions and thrust of policy interventions for the future for RNFS are highlighted. - Reproduced
650 ## - SUBJECT ADDED ENTRY--TOPICAL TERM
Topical term or geographic name entry element Rural development - India - Andhra Pradesh
650 ## - SUBJECT ADDED ENTRY--TOPICAL TERM
Topical term or geographic name entry element Rural development
773 ## - HOST ITEM ENTRY
Main entry heading Journal of Rural Development
909 ## -
-- 44029
Holdings
Withdrawn status Lost status Damaged status Not for loan Permanent Location Current Location Date acquired Serial Enumeration / chronology Barcode Date last seen Price effective from Koha item type
        Indian Institute of Public Administration Indian Institute of Public Administration 2018-07-19 Volume no: 18, Issue no: 1 AR44435 2018-07-19 2018-07-19 Articles

Powered by Koha